banner koha

Urucum, uma nova alternativa para o cerrado (Registro n. 300377)

MARC details
000 -LÍDER
fixed length control field 00805nab a2200241 4500
003 - CÓDIGO MARC DA AGÊNCIA CATALOGADORA
Campo de controle BR-BrBNA
005 - DATA E HORA DA ÚLTIMA ATUALIZAÇÃO
Campo de controle 20240814123813.0
008 - CAMPO DE TAMANHO FIXO
fixed length control field 240703b bl.||||| |||| 00| 0 por d
040 ## - FONTE DA CATALOGAÇÃO
Agência catalogadora BR-BrBNA
Idioma da catalogação por
072 ## - CATEGORIA AGRIS
Código AGRIS F01 ; E70
Código do objeto 2603
100 ## - ENTRADA PRINCIPAL - NOME PESSOAL
Nome pessoal Oliveira, Antônio
245 ## - TÍTULO PRINCIPAL
Título principal Urucum, uma nova alternativa para o cerrado
500 ## - NOTA GERAL
Nota geral 3 illus.
942 ## - ADDED ENTRY ELEMENTS (KOHA)
Koha item type
650 ## - ASSUNTO - THESAGRO
Cabeçalho tópico ou nome geográfico URUCUM
650 ## - ASSUNTO - THESAGRO
Cabeçalho tópico ou nome geográfico PLANTA CORANTE
650 ## - ASSUNTO - THESAGRO
Cabeçalho tópico ou nome geográfico COMERCIALIZAÇÃO
650 ## - ASSUNTO - THESAGRO
Cabeçalho tópico ou nome geográfico INDÚSTRIA ALIMENTÍCIA
650 ## - ASSUNTO - THESAGRO
Cabeçalho tópico ou nome geográfico INDÚSTRIA TÊXTIL
650 ## - ASSUNTO - THESAGRO
Cabeçalho tópico ou nome geográfico FARMÁCIA
773 0# - ENTRADA ANALÍTICA
Host Biblionumber 4604
Registro do item 317195
Imprenta Palmas - Tocantins Terranova Gráfica e Editora Jornalística Ltda 2005
Outro identificador 2024-3819
Título Cerrado Rural Agronegócios (Brazil)
ISSN 1980-2595
Colação v. 4(24) p. 6; (Mar 2007)
Número de controle de registro BR2024001909

Nenhum exemplar disponível.

BINAGRI

Telefone: (61)3218-2567/2388/3357/2097 - binagri@agro.gov.br

Ministério da Agricultura e Pecuária , Esplanada dos Ministérios, Bloco D, Anexo B, Brasília/DF, CEP: 70.043-900